| 000 | 00747cab a2200229 4500 | ||
|---|---|---|---|
| 001 | ABS38937 | ||
| 008 | 090401t1988 xxu||||| |||| 00| 0 eng d | ||
| 035 | _a(Sirsi) u13426 | ||
| 041 | _aeng | ||
| 100 | _aCropley, S. | ||
| 245 | _aEarning from the history | ||
| 260 | _c1988 | ||
| 350 | _a0 | ||
| 490 |
_aMoney Management _vApril 1988, 92-95(4) |
||
| 520 | _aReports on the success of the Jorvik Centre , a re-creation of a 10th century Viking "suburb" of York and looks at plans by its operator Cultural Research Management to open similar historical centres in Oxford and Canterbury. | ||
| 650 | _aDEVELOPMENT | ||
| 650 | _aLEISURE | ||
| 650 | _aTOURISM | ||
| 690 | _aPLANNING LAW AND PRACTICE | ||
| 942 | _n0 | ||
| 948 | _c04/03/1997 | ||
| 999 |
_c8657 _d8657 |
||